[Event "It (open)"]
[Site "masterchessopen.com Pula (Croatia)"]
[Round "0"]
[White "Barsov Alexei (UZB)"]
[Black "Mandekic Ivan (CRO)"]
[Result "1-0"]
[WhiteElo "2526"]
[BlackElo "2288"]

1.d4 Nf6 2.c4 e6 3.Nc3 Bb4 4.e3 b6 5.Bd3 Bb7 6.Ne2 Bxg2 7.Rg1 Bf3 8.Rxg7 Ne4
9.Qc2 Nxc3 10.bxc3 Bd6 11.e4 Qf6 12.Rg5 Bxe2 13.Qxe2 Bf4 14.Bxf4 Qxf4 15.Qh5
Nc6 16.Ke2 O-O-O 17.Rag1 f6 18.Rg7 Qd6 19.c5 Qf8 20.Rf7 Qe8 21.Rgg7 h6 22.Bb5
Kb7 23.Qf3 bxc5 24.e5 Rc8 25.Rxd7 {#r} 1-0

[Event "Ch Denmark (qual)"]
[Site "masterchessopen.com Lyngby (Denmark)"]
[Round "0"]
[White "Hansen Sune Berg (DEN)"]
[Black "Vinter-Schou Uffe (DEN)"]
[Result "1-0"]
[WhiteElo "2566"]
[BlackElo "2374"]

1.d4 Nf6 2.c4 e6 3.Nc3 Bb4 4.e3 b6 5.Bd3 Bb7 6.f3 O-O 7.Ne2 c5 8.a3 Bxc3+
9.bxc3 d6 10.e4 Nbd7 11.O-O Re8 12.Ng3 cxd4 13.cxd4 e5 14.Nf5 Qc7 15.Be3 Nf8
16.Bg5 Bc8 17.Bxf6 gxf6 18.Ne3 Ne6 19.Nd5 Qd8 20.f4 Nxd4 21.fxe5 Rxe5 22.Nxf6+
Kh8 23.Qe1 Bf5 24.Qc3 Qxf6 25.Qxd4 Rg8 26.Qf2 Qh6 27.exf5 Re3 28.Be2 Rh3
29.Qd4+ f6 30.Qf4 Rg5 31.Kh1 Rhg3 32.Rf2 {#r} 1-0

[Event "It (open)"]
[Site "masterchessopen.com Teteven (Bulgaria)"]
[Round "11"]
[White "Berovski Krum (BUL)"]
[Black "Fedukin Alexandre (RUS)"]
[Result "1-0"]
[WhiteElo "2318"]
[BlackElo "1859"]

1.d4 e6 2.c4 Nf6 3.Nc3 Bb4 4.e3 b6 5.Bd3 Bb7 6.Ne2 Bxg2 7.Rg1 Be4 8.a3 Bxc3+
9.Nxc3 Bg6 10.e4 d6 11.Bg5 Nbd7 12.Qa4 O-O 13.O-O-O Kh8 14.e5 Bh5 15.exf6 gxf6
16.Bh6 Rg8 17.Rxg8+ Qxg8 18.Qxd7 Bxd1 19.Qe7 Qg1 20.Qxf6+ Kg8 21.Nxd1 b5
22.Bg5 bxc4 23.Bxh7+ {#r} 1-0

[Event "It \"]
[Site "masterchessopen.com Buenos Aires (Argentina)"]
[Round "2"]
[White "Restifa Hector (ARG)"]
[Black "Adla Diego (ARG)"]
[Result "0-1"]
[WhiteElo "2315"]
[BlackElo "2499"]

1.d4 Nf6 2.c4 e6 3.Nc3 Bb4 4.e3 b6 5.Bd3 Bb7 6.Ne2 Bxg2 7.Rg1 Be4 8.Bxe4 Nxe4
9.Rxg7 Nxf2 10.Qc2 Qh4 11.Rg2 Nd3+ {#R} 0-1

[Event "It (open)"]
[Site "masterchessopen.com Jyvaskyla (Finland)"]
[Round "4"]
[White "Heinimaki Leo (FIN)"]
[Black "Turunen Pekka (FIN)"]
[Result "0-1"]
[WhiteElo "2072"]
[BlackElo "2246"]

1.d4 Nf6 2.c4 e6 3.Nc3 Bb4 4.e3 b6 5.Bd3 Bb7 6.Nf3 Bxc3+ 7.bxc3 O-O 8.Qc2 d6
9.e4 e5 10.O-O Nbd7 11.Nh4 Re8 12.Nf5 exd4 13.cxd4 Bxe4 14.Bg5 Bxd3 15.Qxd3
Nf8 16.Bh6 gxh6 17.Nxh6+ Kg7 18.Qd2 Ne4 19.Nf5+ Kh8 20.Qh6 Qg5 21.Qh3 Ng6
22.f4 Nxf4 23.Rxf4 Qxf4 24.Rf1 Nf2 25.Qh5 Qg4 26.Qxf7 Rf8 27.Ne3 Nh3+ 28.Kh1
Rxf7 {#R} 0-1

[Event "It \"]
[Site "masterchessopen.com London (England)"]
[Round "0"]
[White "Perkins Alan H (ENG)"]
[Black "Wells Peter K (ENG)"]
[Result "0-1"]
[WhiteElo "2235"]
[BlackElo "2497"]

1.d4 Nf6 2.c4 e6 3.Nc3 Bb4 4.e3 b6 5.Bd3 Bb7 6.Nf3 O-O 7.O-O c5 8.Na4 cxd4
9.exd4 Re8 10.a3 Bf8 11.b4 d6 12.Bb2 Nbd7 13.Re1 a5 14.b5 Rc8 15.Rc1 d5 16.Ne5
Nxe5 17.dxe5 Nd7 18.cxd5 Rxc1 19.Qxc1 Bxd5 20.Bc4 Nc5 21.Bxd5 Nd3 22.Qb1 Qxd5
23.Nxb6 Qxb5 24.Bd4 Qxb1 25.Rxb1 Ra8 26.Be3 Nxe5 27.a4 Bb4 28.h3 h6 29.Rc1 g5
30.f4 gxf4 31.Bxf4 Nd3 {#R} 0-1

[Event "It (open)"]
[Site "masterchessopen.com Wuerzburg (Germany)"]
[Round "7"]
[White "Gustavsson Cyrill (SWE)"]
[Black "Adamski Jan (POL)"]
[Result "0-1"]
[WhiteElo "2206"]
[BlackElo "2297"]

1.d4 Nf6 2.c4 e6 3.Nc3 Bb4 4.e3 b6 5.Bd3 Bb7 6.Nf3 c5 7.O-O O-O 8.Na4 cxd4
9.exd4 Be7 10.Re1 d6 11.b4 Nbd7 12.Bb2 a5 13.a3 axb4 14.axb4 b5 15.cxb5 Nb6
16.Nxb6 Qxb6 17.Nd2 Nd5 18.Qb3 Bf6 19.Rab1 Nf4 20.Nc4 Qxb5 21.Bf1 Bd5 22.Rec1
Rfc8 23.Na5 Rxc1 24.Bxc1 Ne2+ 25.Bxe2 Qxe2 {#R} 0-1

[Event "It (open) \"]
[Site "masterchessopen.com Berlin (Germany)"]
[Round "0"]
[White "Boguslawsky Maxim (RUS)"]
[Black "Ellers Holger (GER)"]
[Result "1-0"]
[WhiteElo "2300"]
[BlackElo "2370"]

1.d4 Nf6 2.c4 e6 3.Nc3 Bb4 4.e3 b6 5.Bd3 Bb7 6.Nf3 Ne4 7.O-O f5 8.Ne2 O-O 9.a3
Bd6 10.b4 c5 11.bxc5 bxc5 12.Rb1 Qc7 13.Qb3 Ba6 14.Ng3 Nxg3 15.hxg3 Nc6 16.Bd2
Rab8 17.Qa4 Bb7 18.Bc3 Ba8 19.Rb5 Rxb5 20.cxb5 Ne7 21.dxc5 Bxc5 22.Rc1 Bxf3
23.Bd4 d6 24.gxf3 Rc8 25.Bxc5 dxc5 26.Bc4 Kf7 27.Qb3 Qe5 28.Rd1 Rc7 29.f4 Qe4
30.Rd6 Nd5 31.Rxd5 {#r} 1-0

[Event "It (open) \"]
[Site "masterchessopen.com Budapest (Hungary)"]
[Round "3"]
[White "Ibragimov Ildar (USA)"]
[Black "Lavrov Andrey (RUS)"]
[Result "1-0"]
[WhiteElo "2540"]
[BlackElo "2276"]

1.d4 Nf6 2.c4 e6 3.Nc3 Bb4 4.e3 b6 5.Bd3 Bb7 6.Nf3 Bxc3+ 7.bxc3 d6 8.O-O Nbd7
9.Nd2 e5 10.e4 O-O 11.Re1 Re8 12.f3 Nf8 13.Nf1 Ne6 14.Be3 Nh5 15.Qd2 Qf6
16.Bc2 h6 17.Rad1 Red8 18.Qf2 Ba6 19.Bc1 c5 20.Ne3 Nhf4 21.d5 Ng5 22.Kh1 b5
23.Ng4 Qe7 24.Bxf4 exf4 25.Qd2 h5 26.Nf2 bxc4 27.Qxf4 f6 28.Qh4 Qf7 29.f4 Nh7
30.e5 dxe5 31.fxe5 fxe5 32.Bxh7+ {#r} 1-0

[Event "It (open)"]
[Site "masterchessopen.com Darmstadt (Germany)"]
[Round "0"]
[White "Schaefer Michael (GER)"]
[Black "Mehler Gerhard (GER)"]
[Result "1-0"]
[WhiteElo "2244"]
[BlackElo "2260"]

1.d4 e6 2.c4 Nf6 3.Nc3 Bb4 4.e3 b6 5.Bd3 Bxc3+ 6.bxc3 Bb7 7.Ne2 d6 8.O-O Nbd7
9.Ng3 O-O 10.e4 h6 11.f4 Nh7 12.Qg4 Kh8 13.e5 g6 14.Qh3 Kg7 15.f5 g5 16.f6+
Ndxf6 17.exf6+ Nxf6 18.Rxf6 Kxf6 19.Qxh6+ Ke7 20.Bxg5+ f6 21.Qg7+ Rf7 22.Bxf6+
Ke8 23.Qg8+ {#r} 1-0

[Event "Oberliga East 1992/93 (b)"]
[Site "masterchessopen.com Germany"]
[Round "0"]
[White "Schaefer Michael (GER)"]
[Black "Gebhardt Ulrich (GER)"]
[Result "1-0"]
[WhiteElo "2244"]
[BlackElo "2225"]

1.d4 Nf6 2.c4 e6 3.Nc3 Bb4 4.e3 b6 5.Bd3 Bb7 6.Ne2 Bxg2 7.Rg1 Be4 8.a3 Bxc3+
9.Nxc3 Bg6 10.e4 d6 11.Bg5 Nbd7 12.f4 Qc8 13.e5 Ng8 14.f5 Bxf5 15.Bxf5 dxe5
16.Be4 c6 17.dxe5 Qc7 18.Qd4 Rc8 19.Bf4 g6 20.O-O-O f5 21.Bxf5 c5 22.Qd2 gxf5
23.Rg7 Rd8 24.Bg5 Qxe5 25.Rxd7 Rxd7 26.Qxd7+ Kf8 27.h4 h6 28.Qd8+ Kf7 29.Rd7+
Kg6 30.Qe8# 1-0

[Event "Oberliga Northwest 1992/93"]
[Site "masterchessopen.com Germany"]
[Round "0"]
[White "Jolowicz Matias Dr (GER)"]
[Black "David Adrian (GER)"]
[Result "0-1"]
[WhiteElo "2243"]
[BlackElo "2285"]

1.d4 Nf6 2.c4 e6 3.Nc3 Bb4 4.e3 b6 5.Bd3 Bb7 6.Ne2 Bxg2 7.Rg1 Be4 8.Ng3 Bxd3
9.Qxd3 Nc6 10.e4 d6 11.Be3 Qd7 12.O-O-O Bxc3 13.Qxc3 O-O-O 14.c5 Ne7 15.Rd3
dxc5 16.Qc4 cxd4 17.Qa6+ Kb8 18.Kb1 Qc8 19.Qxc8+ Kxc8 20.Bf4 c5 21.Rc1 Nc6
{#R} 0-1

[Event "Ch Germany (juniors) (under 20)"]
[Site "masterchessopen.com Hamburg (Germany)"]
[Round "0"]
[White "Syperek Sebastian (GER)"]
[Black "Schuran Sebastian (GER)"]
[Result "0-1"]
[WhiteElo "2198"]
[BlackElo "2100"]

1.d4 e6 2.c4 Nf6 3.Nc3 Bb4 4.e3 b6 5.Bd3 Bb7 6.f3 d6 7.a3 Bxc3+ 8.bxc3 Nc6
9.Ne2 O-O 10.O-O Nh5 11.Qc2 h6 12.g4 Nf6 13.Ng3 Na5 14.h4 Nd7 15.g5 hxg5
16.hxg5 Qxg5 17.Qh2 f5 18.Rb1 Rf6 19.Kf2 Rh6 20.Qg2 Nf6 21.e4 f4 22.Ne2 Qh4+
23.Kg1 e5 24.Bd2 Bc8 25.Be1 Qh5 {#R} 0-1

[Event "Ch Italy"]
[Site "masterchessopen.com Italy"]
[Round "4"]
[White "Abatino Maurizio (ITA)"]
[Black "Demetz Rainer"]
[Result "1-0"]
[WhiteElo "2151"]
[BlackElo "2040"]

1.d4 Nf6 2.c4 e6 3.Nc3 Bb4 4.e3 b6 5.Bd3 Bb7 6.f3 c5 7.Ne2 cxd4 8.exd4 O-O
9.O-O d5 10.Bg5 dxc4 11.Bxc4 Be7 12.Qe1 h6 13.Be3 Nd5 14.Nxd5 Bxd5 15.Bxd5
Qxd5 16.Qg3 Kh7 17.Nc3 Qf5 18.Qc7 Qd3 19.Rfe1 Bh4 20.Rad1 Qa6 21.g3 Bd8 22.Qd6
Kg8 23.d5 Qc8 24.dxe6 Qxe6 25.Bf4 Qc8 26.Qd5 Qc6 27.Bd6 Re8 28.Rxe8+ Qxe8
29.Qxa8 {#r} 1-0

[Event "It (active)"]
[Site "masterchessopen.com Oviedo (Spain)"]
[Round "0"]
[White "Calvo Antonio (PHI)"]
[Black "Galliamova Alisa (RUS)"]
[Result "0-1"]
[WhiteElo "2220"]
[BlackElo "2435"]

1.d4 Nf6 2.c4 e6 3.Nc3 Bb4 4.e3 b6 5.Bd3 Bb7 6.Nf3 Ne4 7.Bd2 Bxc3 8.Bxc3 Nxc3
9.bxc3 O-O 10.h4 f5 11.Qe2 c5 12.Ng5 h6 13.Nf3 Nc6 14.O-O-O Qf6 15.h5 d6
16.Rh3 Ne7 17.Nh4 e5 18.g4 e4 19.Bc2 fxg4 20.Qxg4 Bc8 21.Qxe4 Bxh3 22.Qh7+ Kf7
23.dxc5 Qxh4 24.Rd4 Qxh5 25.cxd6 Nf5 26.Rf4 Rh8 27.Bxf5 Rxh7 28.Bg4+ Kg6 {#R}
0-1

[Event "Ch Italy (juniors)"]
[Site "masterchessopen.com Rimini (Italy)"]
[Round "0"]
[White "Bednarich Jan (ITA)"]
[Black "Giordani Marco (ITA)"]
[Result "1-0"]
[WhiteElo "2267"]
[BlackElo "2140"]

1.d4 Nf6 2.c4 e6 3.Nc3 Bb4 4.e3 b6 5.Bd3 Bb7 6.Nf3 O-O 7.Qc2 d5 8.cxd5 exd5
9.O-O Nbd7 10.a3 Bxc3 11.bxc3 c5 12.Ne5 Re8 13.f4 cxd4 14.cxd4 Rc8 15.Qe2 Ne4
16.Bb2 f6 17.Ng4 Qe7 18.Rf3 Rc7 19.a4 Qb4 20.Rh3 Bc6 21.Nf2 Nf8 22.Nxe4 dxe4
23.Bc4+ Kh8 24.Ba3 Qxa4 25.Ra2 Bd7 26.Bf7 Be6 27.Bxf8 Qxa2 28.Rxh7+ {#r} 1-0

[Event "Ch Romania (team)"]
[Site "masterchessopen.com Romania"]
[Round "0"]
[White "Zamfirescu Bogdan-Ionut (ROM)"]
[Black "Breahna Radu (ROM)"]
[Result "0-1"]
[WhiteElo "2107"]
[BlackElo "2275"]

1.d4 Nf6 2.c4 e6 3.Nc3 Bb4 4.e3 b6 5.Bd3 Bb7 6.Nf3 Ne4 7.Qc2 f5 8.O-O Bxc3
9.bxc3 O-O 10.Ba3 Rf6 11.Rad1 c5 12.Ne1 Rh6 13.f3 Qh4 14.h3 Ng5 15.Rf2 d6
16.Kf1 Nd7 17.Rdd2 Nf6 18.Qb1 Bc6 19.Ke2 Nh5 20.Kd1 Ng3 21.Bc1 e5 22.Bxf5 e4
23.Bg4 Ba4+ 24.Nc2 exf3 25.gxf3 N5e4 26.fxe4 Qxg4+ 27.Rde2 Rxh3 28.Bd2 Rh1+
29.Be1 Rf8 30.Kd2 Nxe4+ 31.Kc1 Nxf2 {#R} 0-1

[Event "It"]
[Site "masterchessopen.com San Martin (Argentina)"]
[Round "4"]
[White "Hoffman Alejandro (ARG)"]
[Black "Rodriguez Andres (URU)"]
[Result "0-1"]
[WhiteElo "2440"]
[BlackElo "2505"]

1.d4 Nf6 2.c4 e6 3.Nc3 Bb4 4.e3 b6 5.Bd3 Bb7 6.Nf3 Ne4 7.Qc2 Bxc3+ 8.bxc3 f5
9.O-O O-O 10.Ne1 Nc6 11.Rb1 Na5 12.f3 Nd6 13.c5 Ndc4 14.Qe2 d5 15.cxd6 Nxd6
16.c4 c5 17.Bd2 Nc6 18.Bc3 Qf6 19.Nc2 Rfe8 20.Rb3 cxd4 21.exd4 e5 22.dxe5 Nxe5
23.Ne3 Qf7 24.Bb4 Rad8 25.Bxd6 Rxd6 26.Bxf5 Nc6 27.Rd3 Nd4 28.Qd2 Red8 29.Be4
Bxe4 30.fxe4 Nf3+ 31.Rxf3 Rxd3 32.Qxd3 Rxd3 {#R} 0-1

[Event "Ch Slovenia"]
[Site "masterchessopen.com Slovenia"]
[Round "0"]
[White "Jelen Iztok (SLO)"]
[Black "Grosar Aljosa (SLO)"]
[Result "0-1"]
[WhiteElo "2390"]
[BlackElo "2480"]

1.d4 Nf6 2.c4 e6 3.Nc3 Bb4 4.e3 b6 5.Bd3 Bb7 6.Nf3 Ne4 7.O-O f5 8.Ne2 Bd6
9.Ne1 Qh4 10.g3 Ng5 11.f3 Qh5 12.Nf4 Nh3+ 13.Nxh3 Qxh3 14.e4 O-O 15.Ng2 fxe4
16.fxe4 Nc6 17.Nf4 Bxf4 18.Rxf4 Rxf4 19.Bxf4 e5 20.Bf1 Qe6 21.d5 Qg6 22.dxc6
Bxc6 23.Bxe5 Qxe4 24.Qd4 Qh1+ 25.Kf2 Re8 {#R} 0-1

[Event "It (open) (active)"]
[Site "masterchessopen.com Cap d'Agde (France)"]
[Round "0"]
[White "Birens Eric-Andre (FRA)"]
[Black "Psakhis Lev (ISR)"]
[Result "0-1"]
[WhiteElo "1969"]
[BlackElo "2605"]

1.d4 Nf6 2.c4 e6 3.Nc3 Bb4 4.e3 b6 5.Bd3 Bb7 6.Ne2 Bxg2 7.Rg1 Be4 8.Qc2 Bxc3+
9.Nxc3 Bg6 10.Bd2 d5 11.cxd5 exd5 12.O-O-O O-O 13.f4 Bxd3 14.Qxd3 Nc6 15.Be1
Ne8 16.f5 Ne7 17.e4 Qd7 18.Bh4 f6 19.Rdf1 dxe4 20.Qxe4 Nd6 21.Qg2 Ndxf5
22.Bxf6 Ng6 23.Qe4 Rae8 24.Be5 c5 25.Rxg6 hxg6 26.dxc5 bxc5 27.Re1 Nd4 28.Qxg6
Rxe5 {#R} 0-1

[Event "Ch Finland"]
[Site "masterchessopen.com Helsinki (Finland)"]
[Round "0"]
[White "Norri Joose (FIN)"]
[Black "Raaste Eero J (FIN)"]
[Result "1-0"]
[WhiteElo "2375"]
[BlackElo "2299"]

1.d4 e6 2.c4 Nf6 3.Nc3 Bb4 4.e3 b6 5.Bd3 Bb7 6.Nf3 Bxc3+ 7.bxc3 d6 8.O-O Nbd7
9.Nd2 g5 10.a4 a5 11.Rb1 Qe7 12.c5 dxc5 13.Ba3 Bc6 14.e4 h5 15.Re1 h4 16.Bb5
Bxb5 17.Rxb5 h3 18.g3 Rd8 19.Qe2 Qd6 20.Qe3 Rg8 21.f3 Nh5 22.Nc4 Qf4 23.Qxf4
gxf4 24.g4 Ndf6 25.Kf2 cxd4 26.cxd4 Rxd4 27.Rc1 Rd7 28.Rc2 Rd1 29.Ne5 Rh1
30.Rxb6 Nxe4+ 31.fxe4 {#r} 1-0

[Event "Ch Slovenia"]
[Site "masterchessopen.com Nova Gorica (Slovenia)"]
[Round "0"]
[White "Slak Marjan (SLO)"]
[Black "Jazbinsek Sebastjan (SLO)"]
[Result "0-1"]
[WhiteElo "2205"]
[BlackElo "2193"]

1.d4 Nf6 2.c4 e6 3.Nc3 Bb4 4.e3 b6 5.Bd3 Bb7 6.Nf3 O-O 7.O-O Bxc3 8.bxc3 Ne4
9.Qb3 d6 10.a4 a5 11.Rd1 Nd7 12.Qc2 f5 13.Ne1 Qh4 14.f3 Ng5 15.Bf1 Rf6 16.Qf2
Qh5 17.h4 Ne4 18.fxe4 fxe4 19.Qe2 Qxh4 20.g3 Qxg3+ 21.Qg2 Qh4 22.Ra2 Rg6
23.Qxg6 hxg6 24.Rg2 Kf7 25.Be2 Rh8 26.Nc2 Nf6 27.Rf1 g5 28.Bd2 Ke7 29.c5 Ba6
30.cxd6+ cxd6 31.Bxa6 Ng4 {#R} 0-1

[Event "It (open)"]
[Site "masterchessopen.com Reykjavik (Iceland)"]
[Round "5"]
[White "Gislason Gudmundur (ISL)"]
[Black "Thorfinnsson Bragi (ISL)"]
[Result "1-0"]
[WhiteElo "2305"]
[BlackElo "2185"]

1.d4 Nf6 2.c4 e6 3.Nc3 Bb4 4.e3 b6 5.Bd3 Bb7 6.f3 Bxc3+ 7.bxc3 d5 8.cxd5 exd5
9.Ne2 O-O 10.O-O Nbd7 11.Ng3 Re8 12.Bd2 c5 13.Nf5 Nf8 14.Qe1 Qc7 15.Qh4 Re6
16.g4 Ng6 17.Qh3 Rae8 18.g5 Nd7 19.f4 Ngf8 20.Nxg7 Kxg7 21.f5 Re4 22.f6+ Kg8
23.Qh6 Ne6 24.Bxe4 dxe4 25.g6 hxg6 26.Rf4 g5 27.Rf5 Ndf8 28.Rxg5+ Ng6 29.Rh5
cxd4 30.Qh7+ Kf8 31.Qh8+ {#r} 1-0

[Event "Ch World (students)"]
[Site "masterchessopen.com Sofia (Bulgaria)"]
[Round "6"]
[White "Kotsur Pavel (KAZ)"]
[Black "Ospanov Arman (KAZ)"]
[Result "1-0"]
[WhiteElo "2490"]
[BlackElo "2178"]

1.d4 Nf6 2.c4 e6 3.Nc3 Bb4 4.e3 b6 5.Bd3 Bb7 6.Ne2 Bxg2 7.Rg1 Be4 8.Bxe4 Nxe4
9.Rxg7 Nxf2 10.Qc2 Qh4 11.Ng3 Kf8 12.Qxf2 Kxg7 13.Nf5+ {#r} 1-0

[Event "It (open) \"]
[Site "masterchessopen.com Toronto (Canada)"]
[Round "5"]
[White "Evans Bill (CAN)"]
[Black "Yee Lorne (CAN)"]
[Result "0-1"]
[WhiteElo "2061"]
[BlackElo "2222"]

1.d4 Nf6 2.c4 e6 3.Nc3 Bb4 4.e3 b6 5.Bd3 Bb7 6.Ne2 Bxg2 7.Rg1 Be4 8.Qc2 Bg6
9.e4 Nh5 10.Bg5 Be7 11.Be3 O-O 12.O-O-O c6 13.f4 f5 14.d5 Qe8 15.e5 Na6 16.Nd4
Nb4 17.Qg2 Bc5 18.Be2 Qf7 19.a3 a5 20.axb4 axb4 21.Nb1 cxd5 22.cxd5 Rfc8
23.Kd2 Bxd4 24.Bxd4 Nxf4 25.Qf3 Nxe2 26.Qxe2 Bh5 27.Qg2 Bxd1 28.Kxd1 Rc4
29.Qd2 Qh5+ 30.Ke1 Rac8 31.dxe6 dxe6 {#R} 0-1

[Event "Cup Bodensee"]
[Site "masterchessopen.com Baden (Germany)"]
[Round "0"]
[White "Schaeffner Claus (GER)"]
[Black "Parulava Temur (GER)"]
[Result "0-1"]
[WhiteElo "2165"]
[BlackElo "2287"]

1.d4 Nf6 2.c4 e6 3.Nc3 Bb4 4.e3 b6 5.Bd3 Bb7 6.Nf3 O-O 7.O-O c5 8.a3 Bxc3
9.bxc3 Ne4 10.Nd2 Nxd2 11.Bxd2 Nc6 12.e4 cxd4 13.cxd4 Nxd4 14.e5 Qh4 15.Be3
Nc6 16.f4 f6 17.Be2 Rfd8 18.g3 Qh3 19.Re1 fxe5 20.Bg4 Qh6 21.f5 Qf6 22.fxe6
dxe6 23.Qe2 Ne7 24.c5 Nd5 25.cxb6 Nxe3 26.Qxe3 Rd3 27.Qe2 e4 28.Rf1 Qd4+
29.Rf2 Qxa1+ {#R} 0-1

[Event "It (open)"]
[Site "masterchessopen.com Budapest (Hungary)"]
[Round "0"]
[White "Szeberenyi Adam (HUN)"]
[Black "Horvath Andras (HUN)"]
[Result "0-1"]
[WhiteElo "2050"]
[BlackElo "2308"]

1.d4 Nf6 2.c4 e6 3.Nc3 Bb4 4.e3 b6 5.Bd3 Bb7 6.Nf3 Ne4 7.Qc2 f5 8.O-O Bxc3
9.bxc3 O-O 10.Nd2 Nxd2 11.Bxd2 Qg5 12.e4 f4 13.f3 e5 14.d5 d6 15.Kh1 Nd7
16.Rg1 h5 17.Qd1 Rf6 18.Qe2 Raf8 19.Rad1 Rg6 {#R} 0-1

[Event "Czech League 1994/95 (1st)"]
[Site "masterchessopen.com Czech Republic"]
[Round "11"]
[White "Slezka Vojtech (CZE)"]
[Black "Kozak Milos (CZE)"]
[Result "1-0"]
[WhiteElo "2325"]
[BlackElo "2300"]

1.d4 Nf6 2.c4 e6 3.Nc3 Bb4 4.e3 b6 5.Bd3 Bb7 6.Ne2 Bxg2 7.Rg1 Be4 8.a3 Bxd3
9.Qxd3 Bf8 10.e4 d6 11.Bg5 Nbd7 12.f4 Be7 13.O-O-O g6 14.e5 Ng8 15.d5 Bxg5
16.dxe6 fxe6 17.Rxg5 dxe5 18.Rgg1 Ngf6 19.fxe5 Nxe5 20.Qe3 Nfd7 21.Rgf1 Qe7
22.Qe4 O-O-O 23.Qa8+ Nb8 24.Nb5 Nc6 25.Ned4 Nxd4 26.Nxa7+ Kd7 27.Rxd4+ Ke8
28.Nc6 Qg5+ 29.Kb1 {#r} 1-0

[Event "Cup Arnold"]
[Site "masterchessopen.com Gausdal (Norway)"]
[Round "3"]
[White "Giddins Stephen (ENG)"]
[Black "Pedro Aderito"]
[Result "1-0"]
[WhiteElo "2345"]
[BlackElo "2195"]

1.d4 Nf6 2.c4 e6 3.Nc3 Bb4 4.e3 b6 5.Bd3 Bb7 6.Nf3 O-O 7.O-O Bxc3 8.bxc3 Be4
9.Be2 d5 10.Ne5 Nfd7 11.f3 Bg6 12.Nxg6 hxg6 13.cxd5 exd5 14.e4 c6 15.Bd3 Re8
16.Qb3 Nf8 17.a4 Ne6 18.Ra2 g5 19.Kh1 g6 20.Raf2 Nf4 21.Bb1 Na6 22.g3 Nh5
23.exd5 cxd5 24.f4 gxf4 25.g4 Ng7 26.Bxf4 Ne6 27.Be5 Rf8 28.Rf6 Nac7 29.Qc2
Qe8 30.Qd2 Kh7 31.Qf2 {#r} 1-0

[Event "Bundesliga (2nd) South 1994/95"]
[Site "masterchessopen.com Germany"]
[Round "0"]
[White "Petrosian Karen (ARM)"]
[Black "Grathwohl Roland (GER)"]
[Result "1-0"]
[WhiteElo "2400"]
[BlackElo "2285"]

1.d4 Nf6 2.c4 e6 3.Nc3 Bb4 4.e3 b6 5.Bd3 Bb7 6.Ne2 Bxg2 7.Rg1 Be4 8.a3 Bxc3+
9.Nxc3 Bg6 10.e4 d5 11.Bg5 dxe4 12.Bxe4 c6 13.Qf3 O-O 14.O-O-O Nbd7 15.Bxc6
Rc8 16.Bxd7 Qxd7 17.Bxf6 gxf6 18.h4 h5 19.Qxh5 Rxc4 20.Rd3 Rfc8 21.Qh6 Qd6
22.h5 Qh2 23.Rxg6+ fxg6 24.Qxg6+ Kf8 25.Qxf6+ Ke8 26.Qxe6+ Kd8 27.Qd5+ {#r}
1-0

[Event "It (open)"]
[Site "masterchessopen.com Szekszard (Hungary)"]
[Round "0"]
[White "Ibragimov Ildar (USA)"]
[Black "Kaposztas Miklos (HUN)"]
[Result "1-0"]
[WhiteElo "2580"]
[BlackElo "2335"]

1.c4 Nf6 2.Nc3 e6 3.d4 Bb4 4.e3 b6 5.Bd3 Bb7 6.Nf3 c5 7.O-O cxd4 8.exd4 h6
9.Bf4 Be7 10.d5 exd5 11.Nd4 dxc4 12.Bxc4 Qc8 13.Qd3 d5 14.Bb5+ Kf8 15.Nf5 Nbd7
16.Nxe7 Kxe7 17.Rfe1+ Kf8 18.Bd6+ Kg8 19.Re7 a6 20.Bxd7 Nxd7 21.Rae1 Nf6
22.Be5 d4 23.Bxf6 gxf6 24.Qxd4 Qc6 25.Ne4 Kg7 26.Rxb7 Qxb7 27.Nxf6 Kg6 28.Ng4
Rag8 29.Qf6+ Kh5 30.Qf5+ Rg5 31.Nf6+ {#r} 1-0

[Event "It"]
[Site "masterchessopen.com Verona (Italy)"]
[Round "0"]
[White "Garista Eugenio (ITA)"]
[Black "De Vita Igor (ITA)"]
[Result "1-0"]
[WhiteElo "2113"]
[BlackElo "2073"]

1.d4 Nf6 2.c4 e6 3.Nc3 Bb4 4.e3 b6 5.Bd3 Bb7 6.Nf3 O-O 7.O-O c5 8.dxc5 Bxc5
9.b3 Nc6 10.Bb2 d5 11.cxd5 exd5 12.Ne2 Re8 13.Nf4 Nb4 14.Bb1 Ng4 15.Nd4 Qh4
16.h3 Ne5 17.a3 Nbc6 18.Nf5 Qg5 19.h4 Qf6 20.Nxd5 Nf3+ 21.Qxf3 Qxb2 22.Nc7 Nd4
23.Qxb7 Rab8 24.Qd5 Re5 25.Qc4 Nxf5 26.Ra2 b5 27.Qd3 {#r} 1-0

[Event "It (open)"]
[Site "masterchessopen.com Zalakaros (Hungary)"]
[Round "0"]
[White "Zsinka Laszlo (HUN)"]
[Black "Chernyshov Konstantin (RUS)"]
[Result "0-1"]
[WhiteElo "2340"]
[BlackElo "2505"]

1.d4 Nf6 2.c4 e6 3.Nc3 Bb4 4.e3 b6 5.Bd3 Bb7 6.Ne2 Bxg2 7.Rg1 Bf3 8.Rg3 Bh5
9.e4 Nc6 10.f3 Bg6 11.Bg5 Be7 12.Qd2 h6 13.Be3 Nh5 14.Rg2 Bh4+ 15.Kd1 e5 16.d5
Nb4 17.Bb1 Qf6 18.Ng1 Na6 19.Bd3 Bg5 20.Rxg5 hxg5 21.Bxg5 Qd6 22.a3 Nf4 23.Kc2
Nxd3 24.Kxd3 c6 25.Re1 Rc8 26.Ke2 Rxh2+ {#R} 0-1

[Event "Ch Catalunia (b)"]
[Site "masterchessopen.com Catalunia (Spain)"]
[Round "3"]
[White "Moranta Miro Antoni (ESP)"]
[Black "Trias Fernandes Ramon (ESP)"]
[Result "0-1"]
[WhiteElo "1931"]
[BlackElo "2020"]

1.d4 Nf6 2.c4 e6 3.Nc3 Bb4 4.e3 b6 5.Bd3 Bb7 6.Nf3 Ne4 7.Qc2 f5 8.O-O Nxc3
9.bxc3 Be7 10.e4 fxe4 11.Bxe4 Bxe4 12.Qxe4 Na6 13.Re1 O-O 14.Ne5 c6 15.Bf4 Nc7
16.Rad1 Ne8 17.Bg3 Nf6 18.Qe2 Qe8 19.h3 Bd6 20.Bh2 Rc8 21.Qd2 Qd8 22.Qe2 b5
23.Bg3 bxc4 24.Bh4 Bb8 25.Qxc4 Qc7 26.Qe2 Nd5 27.Qe3 Nxe3 {#R} 0-1

[Event "Ch Israel (team)"]
[Site "masterchessopen.com Israel"]
[Round "10"]
[White "Zilberman Yaacov (ISR)"]
[Black "Har-Zvi Ronen (ISR)"]
[Result "1-0"]
[WhiteElo "2525"]
[BlackElo "2495"]

1.d4 Nf6 2.c4 e6 3.Nc3 Bb4 4.e3 b6 5.Bd3 Bb7 6.Nf3 O-O 7.O-O c5 8.Na4 cxd4
9.a3 Be7 10.exd4 d5 11.c5 bxc5 12.Nxc5 Bxc5 13.dxc5 Nbd7 14.b4 e5 15.Bf5 d4
16.Bg5 Qc7 17.Rc1 Bc6 18.Re1 Rfe8 19.Bh4 g6 20.Bxd7 Nxd7 21.Bg3 Qb7 22.Nxe5
Nxe5 23.Bxe5 Bxg2 24.Qxd4 Bc6 25.Bf6 h5 26.Qd6 Qc8 27.h3 a6 28.Bc3 Re6 29.Qd4
{#r} 1-0

[Event "It (open)"]
[Site "masterchessopen.com Orense (Spain)"]
[Round "0"]
[White "Paramos Dominguez Roberto (ESP)"]
[Black "Parente Mojon Juan Carlos (ESP)"]
[Result "1-0"]
[WhiteElo "2410"]
[BlackElo "1986"]

1.d4 Nf6 2.c4 e6 3.Nc3 Bb4 4.e3 b6 5.Bd3 Bb7 6.Ne2 Ne4 7.O-O f5 8.Qc2 Nxc3
9.Nxc3 O-O 10.a3 Bd6 11.f4 Nc6 12.b3 Qh4 13.Nb5 Rf6 14.Nxd6 cxd6 15.d5 Ne7
16.Bb2 Rg6 17.e4 Rf8 18.Rad1 Qh3 19.Kh1 Qh4 20.Rf3 fxe4 21.Bxe4 Nf5 22.Kg1 Qh5
23.g3 exd5 24.cxd5 Rh6 25.Rc3 Ne3 26.Rxe3 {#r} 1-0